Horelo v Tatravagónke

Bibliographic Details
Format: Article
Language:Slovak
Subjects:

MARC

LEADER 00000nab a2200000 ar4500
001 vtls009339559
003 SK-MaSNL
005 20260303055545.0
008 080929c2008 xo cr|p|||||||000 b|slo
038 |a PPPK 
040 |a PPPKCL  |b slo  |c PPPK  |e AACR2 
041 0 |a slo 
044 |a xo  |c SK 
080 |a 629.4:061.5  |2 2001 
080 |a 614.841  |2 2001 
245 0 0 |a Horelo v Tatravagónke  |c [autor] (jmk) 
610 2 7 |a Tatravagónka (Poprad, Slovensko)  |2 pppkcl  |9 36104 
610 2 7 |a Slovensko.  |b Hasičský a záchranný zbor Poprad  |2 pppkcl  |9 113901 
650 0 7 |a požiare  |x likvidácia  |2 pppkcl  |9 1051111 
651 7 |a Poprad (Slovensko)  |2 pppkcl  |9 20155 
773 0 |t Poprad : noviny občanov mesta  |g Roč. XIX, č. 65 (2008), s. 1 
852 |a PPPK  |b KIS3GCP 
999 |c 1727921  |d 1729851